[Event "World ol U16"]
[Site "Eindhoven"]
[Date "2023.08.17"]
[Round "7.21"]
[White "Altynbekuly, Madiyar"]
[Black "Ramaj, Ergit"]
[Result "1-0"]
[WhiteElo "1923"]
[BlackElo "1934"]
[PlyCount "97"]
[EventDate "2023.08.13"]
[EventType "team-swiss"]
[EventRounds "9"]
[EventCountry "NED"]
[SourceTitle "CBM 215 Extra"]
[Source "ChessBase"]
[SourceDate "2023.09.30"]
[SourceVersion "1"]
[SourceVersionDate "2023.09.30"]
[SourceQuality "1"]
[WhiteTeam "Kazakhstan III"]
[BlackTeam "Albania"]
[WhiteTeamCountry "KAZ"]
[BlackTeamCountry "ALB"]

1. d4 d5 2. Nf3 Nf6 3. c4 c6 4. g3 dxc4 5. Bg2 e6 6. 0-0 Nbd7 7. a4 Be7 8. Qc2 0-0 9. Qxc4 a5 10. Nc3 Nd5 11. e4 Nb4 12. Rd1 b6 13. Qb3 Ba6 14. Be3 c5 15. dxc5 Bxc5 16. Ne5 Ra7 17. Bxc5 bxc5 18. Nb5 Bxb5 19. axb5 Qc8 20. Nc4 Qc7 21. Rd6 Rb7 22. Rad1 Nb6 23. Nxa5 Ra7 24. Nc6 Ra1 25. Rxa1 Qxd6 26. Rd1 Qc7 27. Nxb4 cxb4 28. Qxb4 e5 29. Qd6 Qc2 30. Qd2 Qc5 31. Bf1 h5 32. Rc1 Qe7 33. Qe3 Rb8 34. Rc6 Qd8 35. Qc5 Nd7 36. Qd5 Qe8 37. Rc7 Nf6 38. Qc6 Qxc6 39. bxc6 Rxb2 40. Ra7 Nxe4 41. Ra8+ Kh7 42. Bd3 f5 43. Bxe4 fxe4 44. c7 e3 45. fxe3 Rb1+ 46. Kg2 Rb2+ 47. Kh3 g5 48. c8Q g4+ 49. Kh4 1-0

[Event "World ol U16"]
[Site "Eindhoven"]
[Date "2023.08.17"]
[Round "8.18"]
[White "Perossa, Nicolas"]
[Black "Altynbekuly, Madiyar"]
[Result "0-1"]
[WhiteElo "2265"]
[BlackElo "1923"]
[PlyCount "138"]
[EventDate "2023.08.13"]
[EventType "team-swiss"]
[EventRounds "9"]
[EventCountry "NED"]
[SourceTitle "CBM 215 Extra"]
[Source "ChessBase"]
[SourceDate "2023.09.30"]
[SourceVersion "1"]
[SourceVersionDate "2023.09.30"]
[SourceQuality "1"]
[WhiteTeam "Italy"]
[BlackTeam "Kazakhstan III"]
[WhiteTeamCountry "ITA"]
[BlackTeamCountry "KAZ"]

1. e4 e6 2. d4 d5 3. Nc3 Bb4 4. e5 Ne7 5. a3 Bxc3+ 6. bxc3 c5 7. Qg4 0-0 8. Bd3 f5 9. Qg3 b6 10. Nh3 Ba6 11. Nf4 Qd7 12. Bd2 Bxd3 13. cxd3 Nbc6 14. Qe3 cxd4 15. cxd4 Ng6 16. h4 Nxf4 17. Qxf4 Qb7 18. Rc1 Rac8 19. 0-0 Qa6 20. Rc3 Ne7 21. Rfc1 Rxc3 22. Rxc3 Rc8 23. Qg5 Rxc3 24. Qxe7 Rc8 25. Qxe6+ Kh8 26. Qxf5 Re8 27. Qf7 Qc8 28. Be3 Qe6 29. Qxa7 h5 30. g3 Rc8 31. Qa4 Rc3 32. Qb4 Rxd3 33. Qf8+ Kh7 34. Qf3 Qg4 35. Qxd5 Rxa3 36. Kg2 Qe2 37. Qf3 Qxf3+ 38. Kxf3 b5 39. d5 b4 40. Ke4 b3 41. Kd3 Ra5 42. d6 Rxe5 43. Kc3 Rb5 44. Kb2 Rb7 45. Bg5 Kg6 46. Bd8 Kf5 47. Bc7 Ke6 48. f3 Rb4 49. Ba5 Rd4 50. Bc3 Rd3 51. g4 g6 52. gxh5 gxh5 53. f4 Rh3 54. Be5 Rxh4 55. Kxb3 Rh1 56. Kc2 h4 57. Kd2 h3 58. f5+ Kd7 59. Ke2 h2 60. Kf2 Rf1+ 61. Kxf1 h1Q+ 62. Kf2 Qe4 63. Bg3 Qxf5+ 64. Kg2 Ke6 65. Bh2 Kd5 66. Bg3 Ke4 67. Kh2 Kf3 68. Bh4 Qc2+ 69. Kh3 Qg2# 0-1

[Event "Wch U16 blitz"]
[Site "Batumi"]
[Date "2023.06.11"]
[Round "10"]
[White "Altynbekuly, Madiyar"]
[Black "Gurel, Ediz"]
[Result "0-1"]
[WhiteElo "1715"]
[BlackElo "2352"]
[PlyCount "66"]
[EventDate "2023.06.10"]
[EventType "swiss (blitz)"]
[EventRounds "11"]
[EventCountry "GEO"]
[SourceTitle "EXT 2024"]
[Source "ChessBase"]
[SourceDate "2023.10.10"]
[SourceVersion "1"]
[SourceVersionDate "2023.10.10"]
[SourceQuality "1"]
[WhiteTeam "Kazakhstan"]
[BlackTeam "Turkey"]
[WhiteTeamCountry "KAZ"]
[BlackTeamCountry "TUR"]

1. d4 d5 2. Nf3 c5 3. c4 cxd4 4. cxd5 Nf6 5. Nxd4 Nxd5 6. g3 e6 7. Bg2 Be7 8. 0-0 0-0 9. Nc3 Nxc3 10. bxc3 Nd7 11. Rb1 Nc5 12. Ba3 Qa5 13. Qc1 Nd3 14. exd3 Bxa3 15. Qc2 Be7 16. Bxb7 Bxb7 17. Rxb7 Bf6 18. Qb3 Rac8 19. Nb5 a6 20. Nd6 Rxc3 21. Qb1 Bd4 22. Ne4 Rc6 23. Qb4 Qd5 24. Rb1 Rcc8 25. Qb3 Qf5 26. Qa4 e5 27. Kg2 h6 28. f3 Qe6 29. Qb3 Qc6 30. h4 Qc2+ 31. Kh3 Qe2 32. Qd1 Qxa2 33. Nd6 Qe6+ 0-1

[Event "Wch U16 blitz"]
[Site "Batumi"]
[Date "2023.06.10"]
[Round "5"]
[White "Altynbekuly, Madiyar"]
[Black "Safarov, Deniel"]
[Result "0-1"]
[WhiteElo "1715"]
[BlackElo "1950"]
[PlyCount "94"]
[EventDate "2023.06.10"]
[EventType "swiss (blitz)"]
[EventRounds "11"]
[EventCountry "GEO"]
[SourceTitle "EXT 2024"]
[Source "ChessBase"]
[SourceDate "2023.10.10"]
[SourceVersion "1"]
[SourceVersionDate "2023.10.10"]
[SourceQuality "1"]
[WhiteTeam "Kazakhstan"]
[BlackTeam "Georgia"]
[WhiteTeamCountry "KAZ"]
[BlackTeamCountry "GEO"]

1. d4 Nf6 2. Bf4 d6 3. Nd2 Nbd7 4. Ngf3 c5 5. c3 e6 6. e4 Be7 7. Bd3 0-0 8. 0-0 Re8 9. h3 a6 10. a4 Bf8 11. Bh2 b6 12. Qe2 Bb7 13. Rfd1 Qc8 14. Rac1 Bc6 15. b3 Qb7 16. e5 dxe5 17. dxe5 Nd5 18. Qe4 g6 19. Qh4 Be7 20. Qg4 Nf8 21. Ne4 Rad8 22. Bb1 Rd7 23. c4 Nb4 24. Rxd7 Qxd7 25. Nf6+ Bxf6 26. exf6 h5 27. Qg5 Nh7 28. Qh6 Nxf6 29. Be5 Qe7 30. Ng5 Rc8 31. Be4 Be8 32. Bf3 Nd3 33. Bxf6 Qxf6 34. Ne4 Qg7 35. Qxg7+ Kxg7 36. Rd1 Ne5 37. Be2 Bc6 38. Nc3 Nd7 39. Rd6 Nf6 40. f4 Ne8 41. Rd2 Kf6 42. g4 hxg4 43. hxg4 Ke7 44. Kf2 Nf6 45. Ke3 Rh8 46. Kf2 Rh3 47. Nb1 Ne4+ 0-1

[Event "Wch U16 rapid"]
[Site "Batumi"]
[Date "2023.06.08"]
[Round "8"]
[White "Shapovalovi, Vasiko"]
[Black "Altynbekuly, Madiyar"]
[Result "1/2-1/2"]
[WhiteElo "1714"]
[BlackElo "1775"]
[PlyCount "125"]
[EventDate "2023.06.06"]
[EventType "swiss (rapid)"]
[EventRounds "11"]
[EventCountry "GEO"]
[SourceTitle "EXT 2024"]
[Source "ChessBase"]
[SourceDate "2023.10.10"]
[SourceVersion "1"]
[SourceVersionDate "2023.10.10"]
[SourceQuality "1"]
[WhiteTeam "Georgia"]
[BlackTeam "Kazakhstan"]
[WhiteTeamCountry "GEO"]
[BlackTeamCountry "KAZ"]

1. Nf3 d5 2. e3 Nf6 3. c4 c6 4. Nc3 Nbd7 5. b3 e5 6. Be2 Bd6 7. cxd5 cxd5 8. Nb5 Be7 9. Qc2 0-0 10. Bb2 e4 11. Nfd4 a6 12. Nc3 Ne5 13. d3 exd3 14. Bxd3 Re8 15. 0-0 Bd6 16. Be2 Bg4 17. h3 Bd7 18. Nf5 Bb8 19. Na4 Ne4 20. Ng3 Qg5 21. Nxe4 dxe4 22. Qxe4 Bc6 23. h4 Qh6 24. Qd4 Qg6 25. g3 Qf5 26. Rac1 Qh3 27. Rxc6 bxc6 28. Qe4 Ba7 29. Bxe5 Qe6 30. f4 Qh3 31. Qf3 f6 32. Bd4 Bxd4 33. exd4 Rad8 34. Nc5 Rxd4 35. Bc4+ Kh8 36. Qf2 Red8 37. Qg2 Qf5 38. Ne6 Rd2 39. Rf2 Rxf2 40. Qxf2 Rd1+ 41. Kh2 h5 42. Qe2 Rc1 43. Bd3 Qd5 44. Qe4 Qxe4 45. Bxe4 Re1 46. Bf5 g6 47. Bh3 Re2+ 48. Kg1 Rxa2 49. Nc5 a5 50. Bg2 Rc2 51. Na4 Kg7 52. Kf1 Kf7 53. Be4 Rc1+ 54. Ke2 f5 55. Bf3 Kf6 56. Ke3 Rb1 57. Nc5 Rc1 58. Kd4 Rg1 59. Bxc6 Rxg3 60. Bd5 Rh3 61. Nb7 Rxh4 62. Nxa5 Rxf4+ 63. Kc5 1/2-1/2

[Event "Wch U16 rapid"]
[Site "Batumi"]
[Date "2023.06.06"]
[Round "2"]
[White "Altynbekuly, Madiyar"]
[Black "Sapenov, Daniyal"]
[Result "0-1"]
[WhiteElo "1775"]
[BlackElo "2292"]
[PlyCount "56"]
[EventDate "2023.06.06"]
[EventType "swiss (rapid)"]
[EventRounds "11"]
[EventCountry "GEO"]
[SourceTitle "EXT 2024"]
[Source "ChessBase"]
[SourceDate "2023.10.10"]
[SourceVersion "1"]
[SourceVersionDate "2023.10.10"]
[SourceQuality "1"]
[WhiteTeam "Kazakhstan"]
[BlackTeam "Kazakhstan"]
[WhiteTeamCountry "KAZ"]
[BlackTeamCountry "KAZ"]

1. d4 Nf6 2. Nf3 e6 3. Bf4 b6 4. e3 Be7 5. Nbd2 0-0 6. Bd3 c5 7. c3 Ba6 8. Bxa6 Nxa6 9. 0-0 Qc8 10. h3 Qb7 11. Qc2 Rac8 12. Qd3 d6 13. a4 Rfd8 14. Bh2 h6 15. a5 b5 16. Rfe1 Bf8 17. Qe2 Nb8 18. dxc5 Rxc5 19. e4 a6 20. Rad1 Rcc8 21. e5 dxe5 22. Nxe5 Nc6 23. Nb3 Nxe5 24. Bxe5 Rxd1 25. Rxd1 Nd5 26. Nd4 Qe7 27. Qg4 Qg5 28. Qxg5 hxg5 0-1